Szczegóły MARC21

Słownik nazw geograficznych : z odmianą i wyrazami pochodnymi /

003 -Nazwa inst., której nr kontr. jest w polu 001 [,]
    • @
    • Nazwa instytucji, której n kontrolny jest w polu 001
    • NUKAT
005 -DATA I CZAS OSTATNIEJ MODYFIKACJI [,]
    • @
    • pole kontrolne
    • 20241231095936.0
020 -Międzynarod. znormalizowany nr książki - ISBN [ , ]
    • a
    • Numer ISBN
    • 9788301156091 Find
040 -Instytucja sporządzająca opis [ , ]
    • a
    • Instytucja, która sporządziła opis (NP)
    • KR U/75RF
    • c
    • Instytucja, która sporządziła rekord (NP)
    • KR U/75RFs
    • d
    • Instytucja, która zmodyfikowała rekord (P)
    • WA U/96ak
    • d
    • Instytucja, która zmodyfikowała rekord (P)
    • KR U/PAWs
942 -Rodzaj dokumentu [ , ]
    • c
    • Rodzaj dokumentu
    • Książka
100 -Hasło główne - nazwa osobowa [1, ]
    • a
    • Nazwa osobowa (NP)
    • Grzenia, Jan.
    • 9
    • KHW
    • 39808
245 -Strefa tytułu i oznaczenia odpowiedzialności [1,0]
    • a
    • Tytuł
    • Słownik nazw geograficznych : Find
    • b
    • Ciąg dalszy tytułu (NP)
    • z odmianą i wyrazami pochodnymi / Find
    • c
    • Pozostałe elementy strefy tytułu i oznaczenia odpowiedzialności (NP)
    • Jan Grzenia ; [oprac. red. Aleksandra Kubiak-Sokół].
260 -Strefa adresu wydawniczego [ , ]
    • a
    • Miejsce wydania (P)
    • Warszawa :
    • b
    • Nazwa wydawcy (P)
    • Wydawnictwo Naukowe PWN,
    • c
    • Data wydania (P)
    • 2008.
300 -Strefa opisu fizycznego [ , ]
    • a
    • Określenie formy książki i/lub objętość (NP)
    • 400 s. ;
    • c
    • Format (NP)
    • 21 cm.
336 -Typ zawartości [ , ]
    • a
    • Termin opisujący typ zawartości
    • Tekst
    • b
    • Kod określający zawartość
    • txt
    • 2
    • Źródło (terminu i kodu)
    • rdacontent
337 -Typ mediów [ , ]
    • a
    • Tryb odtwarzania
    • Bez urządzenia pośredniczącego
    • b
    • Kod typu mediów
    • n
    • 2
    • Źródło (terminu i kodu)
    • rdamedia
338 -Typ/rodzaj nośnika [ , ]
    • a
    • Hasło opisujące typ nośnika
    • Wolumin
    • b
    • Kod typu nośnika
    • nc
    • 2
    • Źródło (terminu i kodu)
    • rdacarrier
521 -Uwaga dot. przeznaczenia czytelniczego [8, ]
    • a
    • Uwaga dot. przeznaczenia czytelniczego
    • Słownik jest przeznaczony dla osób, które często posługują się nazewnictwem geograficznym (np. dziennikarzy, redaktorów, tłumaczy), oraz dla tych, którzy interesują się nazwami geograficznymi i chcą je lepiej poznać.
650 -Hasło przedmiotowe [ ,7]
    • a
    • Hasło przedmiotowe
    • Spisy geograficzne.
    • 2
    • Źródło terminu
    • kaba
    • 9
    • KHW
    • 130631
650 -Hasło przedmiotowe [ ,7]
    • a
    • Hasło przedmiotowe
    • Nazwy geograficzne polskie.
    • 2
    • Źródło terminu
    • kaba
    • 9
    • KHW
    • 120934
650 -Hasło przedmiotowe [ ,7]
    • a
    • Hasło przedmiotowe
    • Język polski
    • v
    • Określnik formalny
    • glosaria.
    • 2
    • Źródło terminu
    • kaba
    • 9
    • KHW
    • 166943
700 -Hasło dodatkowe - nazwa osobowa [1, ]
    • a
    • Nazwa osobowa (NP)
    • Kubiak-Sokół, Aleksandra. Find
    • e
    • Określenie rodzaju współpracy
    • Red.
    • 9
    • KHW
    • 69154
710 -Hasło dodatkowe - nazwa ciała zbiorowego [2, ]
    • a
    • Nazwa ciała zbiorowego lub nazwa geograficzna jako pierwszy element (NP)
    • Wydawnictwo Naukowe PWN.
    • 4
    • Kod relacji
    • pbl
    • 9
    • KHW
    • 52648
920 -ISBN [ , ]
    • a
    • ISBN
    • 978-83-01-15609-1 Find
Data inwentaryzacji Lokalizacja Status udost. Numer inwentarzowy Sygnatura
2023-10-10BG-3WM.28264 
2017-05-18BM1P.25753POL. Słowniki onomastyczne 12